00766nam a2200133Ia 4500008004100000020001500041050002200056100003900078245005800117260003700175300001800212505038700230650001500617120720s1980 mx 000 0 spa d a9682601738 aPN6014 bD65 1980 aDominguez Hidalgo, Antonio eautor aIniciacion literaria IVc / Antonio Dominguez Hidalgo aMéxicob : Continentalc, 1980 a489 páginas aEl eterno mundo lírico: del romántico al de hoy Mas acá de scheherazada. Los cuentos: del novellino al cuento contemporáneo Los últimos días de epopeyas: del beowulf a garantúa y pantagruel La novela de las novelas: de la historia verdadera de loukianos a la novela del siglo XX Por los trayectos del drama: desde el carrito de arcilla hasta el teatro de vanguardia  0aLITERATURA